Droit civil

Պահպանված է:
Մատենագիտական մանրամասներ
Հիմնական հեղինակ: Larroumet, Christian (auteur)
Ձևաչափ: Գիրք
Լեզու:ֆրանսերեն
Հրապարակվել է: París Economica 2007
Հրատարակություն:6a. ed
Խորագրեր:
Ցուցիչներ: Ավելացրեք ցուցիչ
Չկան պիտակներ, Եղեք առաջինը, ով նշում է այս գրառումը!

MARC

LEADER 00000nam a2200000 a 4500
001 UCI8021
003 CL-VaPUC
008 080731e20070000FR |||||||||||||||||fre|d
020 |a 9782717854046t.3 t.1 
020 |a 9782717854831t.3 t.2 
082 0 4 |a 346.44  |b LAR  |2 21 
100 |a Larroumet, Christian  |e auteur  |9 620631 
245 1 0 |a Droit civil 
250 |a 6a. ed 
300 |a t 
942 |c BK 
945 |d 20080731 00:00:00  |a jtorresc 
260 |a París  |b Economica  |c 2007 
500 |a t.3 v.1: Les obligations, le contrat. Conditions de formation 
500 |a t.3 v.2: Les obligations, le contrat. Effets 
650 0 |a Derecho civil  |9 255013 
651 0 |a Francia  |9 255157 
583 |a last modification  |c 20080731 00:00:00  |k Rodrigo Vera 
999 |c 331122  |d 331120 
952 |0 0  |1 0  |4 0  |6 346_440000000000000_LAR_2007  |7 0  |8 A  |9 417267  |a BIBDER  |b BIBDER  |d 2019-11-22  |h t.3 v.1  |i 4465504  |l 2  |m 2  |o 346.44 LAR 2007  |p 4465504  |q 2025-12-31  |r 2021-10-16  |s 2021-10-16  |w 2019-11-22  |y BK  |k DER 
952 |0 0  |1 0  |4 0  |6 346_440000000000000_LAR_2007  |7 0  |8 A  |9 417268  |a BIBDER  |b BIBDER  |d 2019-11-22  |h t.3 v.2  |i 4465512  |l 1  |m 3  |o 346.44 LAR 2007  |p 4465512  |q 2025-12-31  |r 2020-03-13  |s 2020-03-13  |w 2019-11-22  |y BK  |k DER